000
00323nam a2200133Ia 4500
008
191201s2013 xx 000 0 und d
100
_a
DEO,Narsingh
245
0
_a
System Simulation with Digital Computer
250
_a
Rep
260
_a
New Delhi
_b
PHI
_c
2013
300
_a
200
650
_a
M.Tech(CSE)
942
_2
ddc
_c
BK
_0
1
999
_c
5984
_d
5984